Деньги, кредит, банки: учебное пособие для вузов

Bibliografiske detaljer
Hovedforfatter: Меркулова И. В. Инна Васильевна
Andre forfattere: Лукьянова А. Ю.
Summary:Состоит из трех разделов. В первом излагаются основные аспекты возникновения и функционирования денег в условиях рыночной экономики. Во втором рассматриваются сущность, функции, роль, границы кредита и ссудного процента. Третий посвящен актуальным вопросам становления и развития банков и банковской системы, ее современному состоянию. Написано в соответствии с программой курса и отвечает требованиям Государственного образовательного стандарта высшего профессионального образования. Для студентов вузов, обучающихся по экономическим специальностям.
Sprog:russisk
Udgivet: Москва, КноРус, 2010
Fag:
Format: MixedMaterials Bog
KOHA link:https://koha.lib.tpu.ru/cgi-bin/koha/opac-detail.pl?biblionumber=170160

MARC

LEADER 00000nam0a2200000 4500
001 170160
005 20231101222854.0
010 |a 9785406002933 
035 |a (RuTPU)RU\TPU\book\184537 
090 |a 170160 
100 |a 20091120d2010 m y0rusy50 ca 
101 0 |a rus 
102 |a RU 
105 |a a j 001zy 
200 1 |a Деньги, кредит, банки  |e учебное пособие для вузов  |f И. В. Меркулова, А. Ю. Лукьянова 
210 |a Москва  |c КноРус  |d 2010 
215 |a 352 с.  |c ил. 
320 |a Библиогр.: с. 341-342. 
330 |a Состоит из трех разделов. В первом излагаются основные аспекты возникновения и функционирования денег в условиях рыночной экономики. Во втором рассматриваются сущность, функции, роль, границы кредита и ссудного процента. Третий посвящен актуальным вопросам становления и развития банков и банковской системы, ее современному состоянию. Написано в соответствии с программой курса и отвечает требованиям Государственного образовательного стандарта высшего профессионального образования. Для студентов вузов, обучающихся по экономическим специальностям. 
606 1 |a Финансы  |x Экономика  |y Россия  |2 stltpush  |3 (RuTPU)RU\TPU\subj\67534  |9 83291 
610 1 |a деньги 
610 1 |a кредит 
610 1 |a банки 
610 1 |a денежный оборот 
610 1 |a денежное обращение 
610 1 |a денежная система 
610 1 |a инфляция 
610 1 |a валютные отношения 
610 1 |a платежный баланс 
610 1 |a ссудный процент 
610 1 |a финансовые потоки 
610 1 |a международный кредит 
610 1 |a банковское дело 
610 1 |a банковская система 
610 1 |a центральные банки 
610 1 |a коммерческие банки 
610 1 |a банковский маркетинг 
610 1 |a банковский менеджмент 
610 1 |a международные финансовые организации 
610 1 |a Всемирный банк 
610 1 |a Международный валютный фонд 
610 1 |a Международный банк реконструкции и развития 
610 1 |a тесты 
610 1 |a учебные пособия 
686 |a У9(2)26я73  |v LBC/SL-A  |2 rubbk 
700 1 |a Меркулова  |b И. В.  |g Инна Васильевна 
701 1 |a Лукьянова  |b А. Ю. 
801 1 |a RU  |b 63413507  |c 20091120 
801 2 |a RU  |b 63413507  |c 20150731  |g RCR 
900 |a Деньги, кредит, банки 
900 |a Финансы, денежное обращение, кредит 
900 |a Банковский менеджмент 
942 |c BK 
951 |b 080105  |b 080102  |b 080107  |b 080109 
959 |a 116/20091120  |d 1  |e 130,00  |f ЧЗГЛ:1